Departments of Île-de-France - Statistics

General Stats
  • This quiz has been taken 76 times
  • The average score is 7 of 8
Answers on the Map
Answers color-coded by a green-red scale on the quiz's map according to % correct below.
 
Answer Stats
Answer % Correct
Paris
98%
Essonne
90%
Seine-Saint-Denis
90%
Seine-et-Marne
86%
Val-de-Marne
86%
Yvelines
86%
Val-d'Oise
84%
Hauts-de-Seine
83%
No matching quizzes found
Score Distribution
Percent of People with Each Score
Percentile by Number Answered
Your Score History
You have not taken this quiz